[Event "Ifjusagi csapatbajnoksag"]
[Site "Budapest"]
[Date "2015.08.29"]
[Round "7.35"]
[White "Papp, Levente"]
[Black "Lengyel, Andrea"]
[Result "1/2-1/2"]
[WhiteElo "1944"]
[BlackElo "1780"]
[PlyCount "49"]
[EventDate "2015.??.??"]

1. e4 c5 2. c4 Nc6 3. Nc3 e5 4. g3 g6 5. Bg2 Bg7 6. Nge2 Nge7 7. O-O O-O 8. d3
d6 9. Nd5 Nxd5 10. cxd5 Nd4 11. Nxd4 cxd4 12. f4 f5 13. fxe5 dxe5 14. Bd2 fxe4
15. Rxf8+ Qxf8 16. dxe4 a5 17. Rc1 Qd8 18. Qb3 Kh8 19. Qc4 b6 20. Qc7 Bf6 21.
d6 Be6 22. Rc6 Rb8 23. b3 Bd7 24. Rc4 Be6 25. Rc6 1/2-1/2

[Event "Ifjusagi csapatbajnoksag"]
[Site "Budapest"]
[Date "2015.08.29"]
[Round "7.36"]
[White "Bakos, Viktor"]
[Black "Csendi, Balazs"]
[Result "0-1"]
[WhiteElo "1777"]
[BlackElo "1885"]
[PlyCount "46"]
[EventDate "2015.??.??"]

1. e4 Nc6 2. d4 e5 3. d5 Nce7 4. c4 Ng6 5. Nc3 Bb4 6. Qb3 Bxc3+ 7. Qxc3 Nf6 8.
Bd3 d6 9. Ne2 O-O 10. O-O Nh5 11. Be3 Qh4 12. Qd2 Nhf4 13. Bxf4 exf4 14. f3 Re8
15. Qe1 Qh6 16. b4 Re5 17. Rf2 Rh5 18. Kf1 Rxh2 19. Ng1 Ne5 20. Qd2 Rh1 21. Ke2
Ng4 22. fxg4 Bxg4+ 23. Rf3 Qh2 0-1

[Event "Ifjusagi csapatbajnoksag"]
[Site "Budapest"]
[Date "2015.08.29"]
[Round "7.37"]
[White "Szajbely, Zsigmond"]
[Black "Gyimesi, Peter"]
[Result "1-0"]
[WhiteElo "2241"]
[BlackElo "1937"]
[PlyCount "103"]
[EventDate "2015.??.??"]

1. e4 c5 2. Nf3 e6 3. d4 cxd4 4. Nxd4 Nc6 5. Nc3 Qc7 6. Be2 a6 7. O-O Nf6 8.
Be3 Bb4 9. Na4 Be7 10. Nxc6 bxc6 11. Nb6 Rb8 12. Nxc8 Qxc8 13. Bd4 O-O 14. Qd3
c5 15. Bc3 d5 16. exd5 Nxd5 17. Be5 Rb6 18. b3 Rd8 19. Qe4 Bf6 20. Bc4 Bxe5 21.
Qxe5 Rbd6 22. Rad1 Qc6 23. a3 Ne3 24. Qxe3 Rxd1 25. Bd3 Rxf1+ 26. Kxf1 Qd6 27.
g3 g6 28. Qe4 Qd4 29. Qxd4 cxd4 30. b4 Rd6 31. f4 f5 32. Ke2 Kf7 33. a4 Kf6 34.
a5 e5 35. fxe5+ Kxe5 36. Kd2 Rc6 37. Bf1 g5 38. Kd3 h5 39. Be2 g4 40. Bf1 h4
41. gxh4 Rh6 42. h3 g3 43. Bg2 Rxh4 44. b5 axb5 45. a6 Rh7 46. Bb7 g2 47. Bxg2
Ra7 48. Bb7 Kf4 49. Kxd4 Kg3 50. Kc5 f4 51. Kb6 Rxa6+ 52. Bxa6 1-0

[Event "Ifjusagi csapatbajnoksag"]
[Site "Budapest"]
[Date "2015.08.29"]
[Round "7.38"]
[White "Gorog, Almos"]
[Black "Szilassi, Abel"]
[Result "0-1"]
[WhiteElo "1912"]
[BlackElo "1968"]
[PlyCount "70"]
[EventDate "2015.??.??"]

1. c4 c5 2. g3 g6 3. Bg2 Bg7 4. Nc3 Nc6 5. d3 d6 6. e4 e6 7. Nge2 Nge7 8. O-O
O-O 9. Be3 Nd4 10. Rb1 Nec6 11. a3 a5 12. Bxd4 cxd4 13. Nb5 e5 14. a4 Bh6 15.
f4 Nb4 16. h3 Ra6 17. g4 Qh4 18. Nc7 Ra7 19. Nb5 Ra6 20. Nc7 Ra7 21. Nb5 Ra8
22. Nxd6 exf4 23. Nxc8 f3 24. Rxf3 Be3+ 25. Kh1 Raxc8 26. Nf4 h5 27. gxh5 Bxf4
28. Qe2 Qxh5 29. Qf2 Be3 30. Qe2 Nc6 31. Qe1 Ne5 32. Rf6 Nxd3 33. Qg3 Qe5 34.
Rxg6+ fxg6 35. Qxg6+ Kh8 0-1

[Event "Ifjusagi csapatbajnoksag"]
[Site "Budapest"]
[Date "2015.08.29"]
[Round "7.39"]
[White "Tubak, Daniel"]
[Black "Toth, Abel Levente"]
[Result "1-0"]
[WhiteElo "1961"]
[BlackElo "1754"]
[PlyCount "85"]
[EventDate "2015.??.??"]

1. e4 e6 2. d4 d5 3. Nc3 a6 4. Nf3 Nf6 5. e5 Nfd7 6. Ne2 c5 7. c3 Nc6 8. Ng3
Qb6 9. a3 c4 10. Be2 Na5 11. O-O Nb3 12. Rb1 a5 13. Nd2 a4 14. Nxb3 Qxb3 15.
Be3 Nb8 16. Qd2 Nc6 17. f4 Bd7 18. Bd1 Qb5 19. Bc2 g6 20. Ne2 O-O-O 21. g4 Rg8
22. Ng3 Be7 23. Qd1 Na5 24. f5 Rdf8 25. Bh6 Rd8 26. fxg6 fxg6 27. Rf7 Bh4 28.
Rxh7 Bxg3 29. hxg3 Nb3 30. Bg7 Be8 31. Bf6 Rd7 32. Rh6 Qc6 33. Kg2 b5 34. Qe2
Qc7 35. Rbh1 Kb7 36. Rh8 Rxh8 37. Rxh8 Bf7 38. Rh6 Be8 39. Bxg6 Bxg6 40. Rxg6
Rh7 41. g5 Qf7 42. Rh6 Kc6 43. Qc2 1-0

[Event "Ifjusagi csapatbajnoksag"]
[Site "Budapest"]
[Date "2015.08.29"]
[Round "7.40"]
[White "Pasztor, Flora Katinka"]
[Black "Valyi, Blanka Borbala"]
[Result "1/2-1/2"]
[WhiteElo "1705"]
[BlackElo "1895"]
[PlyCount "73"]
[EventDate "2015.??.??"]

1. e4 c5 2. Nf3 d6 3. d4 cxd4 4. Nxd4 Nf6 5. Nc3 g6 6. Be3 Bg7 7. f3 Nc6 8. Qd2
O-O 9. O-O-O Nxd4 10. Bxd4 Be6 11. Kb1 Qc7 12. h4 h5 13. Be2 Rfc8 14. g4 hxg4
15. fxg4 Qa5 16. a3 b5 17. h5 b4 18. axb4 Qxb4 19. h6 Rab8 20. Nd5 Qxd2 21.
Rxd2 Bxd5 22. hxg7 e5 23. Bxe5 Ba2+ 24. Kxa2 dxe5 25. Rh8+ Kxg7 26. Rxc8 Rxc8
27. Bf3 Rc4 28. Re2 g5 29. Kb3 Rd4 30. Re3 a5 31. c4 Nd7 32. Kc3 Nb6 33. b3 a4
34. Rd3 Rxd3+ 35. Kxd3 axb3 36. Bd1 b2 37. Bc2 1/2-1/2

[Event "Ifjusagi csapatbajnoksag"]
[Site "Budapest"]
[Date "2015.08.29"]
[Round "7.41"]
[White "Boa, Bence"]
[Black "Kelemen, Szabolcs"]
[Result "1-0"]
[WhiteElo "1724"]
[BlackElo "1816"]
[PlyCount "67"]
[EventDate "2015.??.??"]

1. d4 Nf6 2. c4 g6 3. Nc3 d5 4. Nf3 Bg7 5. Bg5 Ne4 6. Bf4 O-O 7. Nxd5 Na6 8. e3
c6 9. Nc3 Nxc3 10. bxc3 Bf5 11. Bd3 Bxd3 12. Qxd3 Nc5 13. Qc2 Ne6 14. Be5 f6
15. Bg3 b5 16. cxb5 cxb5 17. Qb3 Qd7 18. O-O Kh8 19. Rfe1 Rfc8 20. e4 Rc4 21.
Rac1 Rac8 22. h3 a5 23. a3 b4 24. axb4 axb4 25. d5 Ng5 26. Nd2 Rxc3 27. Rxc3
bxc3 28. Nc4 f5 29. Ne5 Qa7 30. exf5 c2 31. Nc6 Qc5 32. Rc1 Bd4 33. Rxc2 Qb6
34. Nxd4 1-0

[Event "Ifjusagi csapatbajnoksag"]
[Site "Budapest"]
[Date "2015.08.29"]
[Round "7.43"]
[White "Persanyi, Barnabas"]
[Black "Nayhebaver, Martin"]
[Result "0-1"]
[WhiteElo "2064"]
[BlackElo "2404"]
[PlyCount "66"]
[EventDate "2015.??.??"]

1. e4 c5 2. Nf3 d6 3. Bb5+ Nd7 4. c3 Ngf6 5. Qe2 a6 6. Ba4 e5 7. Bc2 Be7 8. O-O
O-O 9. d3 b5 10. Nbd2 Bb7 11. Rd1 Qc7 12. Nf1 Rfe8 13. Ng3 d5 14. h3 Bf8 15.
Bg5 h6 16. Bxf6 Nxf6 17. Rac1 Rad8 18. a4 Bc6 19. axb5 axb5 20. Ra1 Qb7 21. b3
g6 22. Kf1 c4 23. Nd2 cxd3 24. Bxd3 dxe4 25. Bxe4 Rxd2 26. Rxd2 Nxe4 27. Nxe4
Bxe4 28. f3 Bd5 29. c4 bxc4 30. bxc4 Be6 31. Kg1 Bc5+ 32. Kh1 Qc7 33. Rad1 Bd4
0-1

[Event "Ifjusagi csapatbajnoksag"]
[Site "Budapest"]
[Date "2015.08.29"]
[Round "7.44"]
[White "Acs, Petra"]
[Black "Juhasz, Adam"]
[Result "1/2-1/2"]
[WhiteElo "1746"]
[BlackElo "1531"]
[PlyCount "24"]
[EventDate "2015.??.??"]

1. e4 e6 2. d4 d5 3. exd5 exd5 4. Bd3 Bd6 5. Nf3 Nf6 6. Bg5 Bg4 7. h3 Bh5 8.
Nbd2 O-O 9. O-O Nbd7 10. Re1 c6 11. c3 Qc7 12. Qc2 Rfe8 1/2-1/2

[Event "Ifjusagi csapatbajnoksag"]
[Site "Budapest"]
[Date "2015.08.29"]
[Round "7.45"]
[White "Pogany, Zsombor"]
[Black "Szabo, Balint"]
[Result "1-0"]
[WhiteElo "1556"]
[BlackElo "1619"]
[PlyCount "105"]
[EventDate "2015.??.??"]

1. e4 e5 2. Nf3 Nc6 3. Bc4 Bc5 4. Nc3 Nf6 5. d3 d6 6. Bg5 h6 7. Bh4 Bg4 8. h3
Bxf3 9. Qxf3 Nd4 10. Qd1 c6 11. a3 a6 12. Ne2 Nb5 13. O-O O-O 14. c3 Bb6 15. a4
Nc7 16. Qc2 d5 17. Ba2 dxe4 18. dxe4 Qe7 19. Rad1 Ne6 20. Kh1 Rad8 21. f3 g5
22. Bf2 Bxf2 23. Rxf2 Rxd1+ 24. Qxd1 Rd8 25. Qc2 Nh5 26. Kh2 Qd7 27. Bxe6 Qxe6
28. Ng3 Ng7 29. b3 h5 30. c4 Qd7 31. Qb2 f6 32. Nf1 Qe7 33. Rd2 Ne6 34. Ng3 h4
35. Nf5 Qe8 36. Rxd8 Qxd8 37. Qc3 b6 38. b4 Kf8 39. b5 cxb5 40. cxb5 a5 41. Qc6
Nc5 42. Nh6 Nxa4 43. Qc4 Qe7 44. Qxa4 Qb4 45. Qa2 Ke8 46. Qe6+ Kd8 47. Qxb6+
Kc8 48. Qc6+ Kb8 49. b6 Qe7 50. Nf5 Qb7 51. Qb5 a4 52. Nd6 Qe7 53. Qc6 1-0

[Event "Ifjusagi csapatbajnoksag"]
[Site "Budapest"]
[Date "2015.08.29"]
[Round "7.46"]
[White "Acs, Kristof"]
[Black "Szemelyi, Balazs"]
[Result "1-0"]
[WhiteElo "1665"]
[BlackElo "1536"]
[PlyCount "53"]
[EventDate "2015.??.??"]

1. e4 c5 2. c3 e6 3. d4 cxd4 4. cxd4 d5 5. exd5 exd5 6. Nc3 Nc6 7. Nf3 Nf6 8.
Bb5 Bd6 9. O-O O-O 10. Bg5 Be7 11. Qa4 Qd6 12. Rfe1 Be6 13. Ne5 Rfc8 14. Bf4
Nh5 15. Nxc6 Nxf4 16. Nxe7+ Qxe7 17. Re3 Qd6 18. Rae1 h5 19. g3 Nh3+ 20. Kg2
Bf5 21. Re5 Bg4 22. Bd3 g5 23. Nxd5 Kg7 24. Ne7 Kf8 25. Nf5 Qb6 26. Qa3+ Kg8
27. f3 1-0

[Event "Ifjusagi csapatbajnoksag"]
[Site "Budapest"]
[Date "2015.08.30"]
[Round "8.1"]
[White "Antal, Tibor Kende"]
[Black "Terbe, Julianna"]
[Result "1-0"]
[WhiteElo "2351"]
[BlackElo "2232"]
[PlyCount "77"]
[EventDate "2015.??.??"]

1. e4 c5 2. Nf3 Nc6 3. d4 cxd4 4. Nxd4 Nf6 5. Nc3 e5 6. Ndb5 d6 7. Bg5 a6 8.
Na3 b5 9. Nd5 Be7 10. Bxf6 Bxf6 11. c4 b4 12. Nc2 a5 13. Be2 O-O 14. O-O Bg5
15. Qd3 Be6 16. Rad1 Ra7 17. Bf3 Qb8 18. g3 a4 19. h4 Bh6 20. b3 Kh8 21. Kg2 g6
22. h5 f5 23. Nde3 f4 24. Ng4 Bxg4 25. Bxg4 Rf6 26. hxg6 Rxg6 27. Bf5 Rf6 28.
Rh1 axb3 29. axb3 Qa8 30. Ra1 fxg3 31. Qd5 Ra3 32. Nxa3 bxa3 33. fxg3 Qa6 34.
Qb5 Qa8 35. Qd5 Qa6 36. Rxh6 Rxh6 37. Qf7 Qa8 38. Rh1 Rxh1 39. Qf6+ 1-0

[Event "Ifjusagi csapatbajnoksag"]
[Site "Budapest"]
[Date "2015.08.30"]
[Round "8.2"]
[White "Berta, Sandor"]
[Black "Kaczur, Florian"]
[Result "0-1"]
[WhiteElo "2121"]
[BlackElo "2345"]
[PlyCount "90"]
[EventDate "2015.??.??"]

1. e4 e5 2. Nf3 Nc6 3. Bc4 Bc5 4. c3 Nf6 5. d3 d6 6. h3 a6 7. Bb3 Ba7 8. Nbd2
O-O 9. Nf1 Ne7 10. Ng3 Ng6 11. O-O Bd7 12. Bg5 h6 13. Be3 c5 14. Qd2 Kh7 15.
Nf5 Bxf5 16. exf5 Ne7 17. g4 Nfd5 18. Qe2 Qd7 19. Nd2 Rae8 20. Qf3 Qc6 21. Rae1
b5 22. h4 f6 23. a3 Bb8 24. Qg2 Nc7 25. Qxc6 Nxc6 26. Ne4 Rd8 27. f4 c4 28.
dxc4 Na5 29. Ba2 Nxc4 30. Bxc4 bxc4 31. Bb6 exf4 32. Rd1 Rd7 33. Nc5 Re7 34.
Rxd6 Re2 35. Rd7 Rc8 36. Rf2 Re1+ 37. Rf1 Re3 38. Rf2 Na8 39. Na4 Nxb6 40. Nxb6
Rce8 41. Nd5 Rg3+ 42. Kf1 Be5 43. Re2 Rb8 44. Rg2 Rd3 45. a4 Rd1+ 0-1

[Event "Ifjusagi csapatbajnoksag"]
[Site "Budapest"]
[Date "2015.08.30"]
[Round "8.3"]
[White "Dankhazi, Andras"]
[Black "Laza, Szabolcs"]
[Result "1/2-1/2"]
[WhiteElo "2232"]
[BlackElo "2150"]
[PlyCount "59"]
[EventDate "2015.??.??"]

1. d4 d5 2. c4 c6 3. Nc3 Nf6 4. cxd5 cxd5 5. Bf4 Nc6 6. e3 a6 7. Be2 e6 8. Nf3
Bd6 9. Bxd6 Qxd6 10. O-O O-O 11. Rc1 e5 12. dxe5 Nxe5 13. Qd4 Nc6 14. Qd2 Bf5
15. Rfd1 Qb4 16. b3 Rfd8 17. Nd4 Nxd4 18. Qxd4 Qxd4 19. exd4 Rac8 20. Na4 Rxc1
21. Rxc1 Rc8 22. Rxc8+ Bxc8 23. Nc5 Kf8 24. Bd3 Ke7 25. f3 Kd6 26. Kf2 h6 27.
Ke3 Ng8 28. h4 g5 29. hxg5 hxg5 30. a3 {Ke5 Ke4+} 1/2-1/2

[Event "Ifjusagi csapatbajnoksag"]
[Site "Budapest"]
[Date "2015.08.30"]
[Round "8.4"]
[White "Terbe, Zsuzsanna"]
[Black "Benedeczky, Lehel"]
[Result "1-0"]
[WhiteElo "2103"]
[BlackElo "2111"]
[PlyCount "119"]
[EventDate "2015.??.??"]

1. e4 c6 2. d4 d5 3. e5 Bf5 4. h4 h5 5. c4 dxc4 6. Bxc4 e6 7. Nc3 Nd7 8. Nge2
Nb6 9. Bb3 Be7 10. Ng3 Bg6 11. Nge4 Nh6 12. Bg5 Nf5 13. Ne2 Bb4+ 14. Kf1 Be7
15. Nf4 Ne3+ 16. fxe3 Bxe4 17. Bxe7 Qxe7 18. Nxh5 O-O-O 19. Qg4 Bf5 20. Qf3 Bg6
21. Nf4 Nd5 22. Bxd5 cxd5 23. Rc1+ Kb8 24. Nxg6 fxg6 25. Qg4 Rdf8+ 26. Ke2 Qb4
27. Rc2 Qb5+ 28. Ke1 Qd3 29. Qe2 Qe4 30. Kd2 Rxh4 31. Rf1 Rxf1 32. Qxf1 Qf5 33.
Qxf5 gxf5 34. Ke2 g5 35. Kf3 Rh1 36. a3 Rf1+ 37. Ke2 Rh1 38. Kf2 a6 39. Ke2 Rh2
40. Kf3 Rh1 41. Kf2 Rb1 42. g4 fxg4 43. Kg3 Rg1+ 44. Rg2 Re1 45. Kxg4 Rxe3 46.
Kxg5 Rf3 47. Rh2 Rf5+ 48. Kg4 Rf7 49. Rh6 Re7 50. Kg5 Ka7 51. Kf6 Rc7 52. Rh8
Rc4 53. Kxe6 Rxd4 54. Rh2 Kb6 55. Kd6 Rg4 56. e6 Rg8 57. e7 d4 58. Rd2 Rg6+ 59.
Kd7 Rg7 60. Rxd4 1-0

[Event "Ifjusagi csapatbajnoksag"]
[Site "Budapest"]
[Date "2015.08.30"]
[Round "8.5"]
[White "Gal, Hanna Krisztina"]
[Black "Toth-Katona, Tamas"]
[Result "1/2-1/2"]
[WhiteElo "2084"]
[BlackElo "2026"]
[PlyCount "63"]
[EventDate "2015.??.??"]

1. e4 c5 2. Nf3 e6 3. d4 cxd4 4. Nxd4 a6 5. c4 Nf6 6. Nc3 Qc7 7. a3 Nxe4 8.
Nxe4 Qe5 9. Bd3 Qxd4 10. Qe2 Nc6 11. Be3 Qe5 12. O-O Nd4 13. Qd1 Nf5 14. Bd2
Qc7 15. Bc3 d6 16. Re1 e5 17. c5 f6 18. cxd6 Nxd6 19. Rc1 Qf7 20. f4 Nxe4 21.
Bxe4 Bc5+ 22. Kh1 O-O 23. fxe5 f5 24. Bd5 Be6 25. Bxe6 Qxe6 26. Qf3 g5 27. Rcd1
Rad8 28. Qh5 h6 29. Rxd8 Rxd8 30. Rd1 Rxd1+ 31. Qxd1 Be7 32. Qh5 1/2-1/2

[Event "Ifjusagi csapatbajnoksag"]
[Site "Budapest"]
[Date "2015.08.30"]
[Round "8.7"]
[White "Farkas, Richard"]
[Black "Pribelszky, Bence"]
[Result "1/2-1/2"]
[WhiteElo "2267"]
[BlackElo "2176"]
[PlyCount "113"]
[EventDate "2015.??.??"]

1. e4 c5 2. Nf3 e6 3. d4 cxd4 4. Nxd4 Nf6 5. Nc3 Nc6 6. g3 Bb4 7. Bg2 d5 8.
exd5 Nxd5 9. O-O Nxc3 10. bxc3 Bxc3 11. Nxc6 bxc6 12. Rb1 O-O 13. Ba3 Ba6 14.
Bxf8 Qxf8 15. Bxc6 Rd8 16. Qf3 Bxf1 17. Qxc3 Bh3 18. Be4 Qd6 19. Qd3 f5 20.
Qxd6 Rxd6 21. Bd3 e5 22. f3 Kf8 23. Rb4 g5 24. Rb7 h5 25. Kf2 e4 26. fxe4 fxe4
27. Bxe4 Rd2+ 28. Ke3 Rxh2 29. Rb5 Be6 30. Rxg5 Bxa2 31. Ra5 Bb1 32. Rxa7 h4
33. g4 Bxc2 34. Bd5 Bg6 35. Kf4 Rd2 36. Kg5 Rxd5+ 37. Kxg6 Rd6+ 38. Kg5 h3 39.
Rh7 Rd5+ 40. Kf6 Rd6+ 41. Ke5 Rd3 42. Kf5 Kg8 43. Rh4 Rg3 44. g5 Kg7 45. Kf4
Ra3 46. Kg4 Ra4+ 47. Kxh3 Rxh4+ 48. Kxh4 Kg6 49. Kg4 Kg7 50. Kf5 Kf7 51. g6+
Kg7 52. Kg5 Kg8 53. Kf5 Kg7 54. Kg5 Kg8 55. Kf6 Kf8 56. g7+ Kg8 57. Kg6 1/2-1/2

[Event "Ifjusagi csapatbajnoksag"]
[Site "Budapest"]
[Date "2015.08.30"]
[Round "8.8"]
[White "Kassay, Krisztian"]
[Black "Marjanovics, Annamaria"]
[Result "0-1"]
[WhiteElo "2153"]
[BlackElo "2234"]
[PlyCount "122"]
[EventDate "2015.??.??"]

1. e4 c5 2. Nf3 d6 3. d4 cxd4 4. Nxd4 Nf6 5. Nc3 a6 6. Bc4 e6 7. Be3 b5 8. Bb3
Qc7 9. Qe2 Nbd7 10. O-O-O Nc5 11. a3 e5 12. Nd5 Nxd5 13. Bxd5 exd4 14. Bxd4 Bb7
15. e5 O-O-O 16. Bxc5 Qxc5 17. Bxb7+ Kxb7 18. Qf3+ Kb8 19. Qxf7 Rc8 20. Qb3
Qxe5 21. Rd5 Qf4+ 22. Rd2 g6 23. g3 Qc4 24. Qe3 Qc5 25. Qe6 Bh6 26. f4 Rhd8 27.
Rhd1 Bg7 28. Kb1 Rc7 29. c3 Rcd7 30. Rd5 Qc4 31. Qe3 Qc7 32. g4 Re7 33. Qd3 Bf8
34. a4 Qc4 35. axb5 Qxd3+ 36. R1xd3 axb5 37. Rxb5+ Rb7 38. Rxb7+ Kxb7 39. h4
Kc6 40. f5 gxf5 41. gxf5 Rd7 42. c4 Rf7 43. Rd5 Bg7 44. b4 Bf8 45. Kc2 Rf6 46.
Kd3 Rh6 47. Rd4 Be7 48. c5 d5 49. Rg4 Rxh4 50. Rg7 Bf6 51. Rf7 Rh3+ 52. Kc2 Bd4
53. Ra7 h5 54. f6 Kb5 55. f7 Rf3 56. f8=Q Rxf8 57. Rh7 Rf5 58. Kd3 Be5 59. Rb7+
Kc6 60. Rb6+ Kc7 61. b5 Rf6 {Kd4} 0-1

[Event "Ifjusagi csapatbajnoksag"]
[Site "Budapest"]
[Date "2015.08.30"]
[Round "8.9"]
[White "Urhegyi, Marton"]
[Black "Vanczak, Tamas"]
[Result "1-0"]
[WhiteElo "2156"]
[BlackElo "2071"]
[PlyCount "95"]
[EventDate "2015.??.??"]

1. e4 d5 2. exd5 Qxd5 3. Nc3 Qa5 4. d4 Nf6 5. Nf3 c6 6. Be2 Bf5 7. O-O e6 8.
Bf4 Nbd7 9. a3 Be7 10. Ne5 Qd8 11. Bf3 Nd5 12. Nxd5 cxd5 13. c4 Nb6 14. c5 Nd7
15. c6 Nxe5 16. cxb7 Nxf3+ 17. gxf3 Rb8 18. Bxb8 Qxb8 19. Qa4+ Kf8 20. Qd7 g6
21. Rfc1 Kg7 22. Rc8 Rd8 23. Rxd8 Bxd8 24. Qc8 Bc7 25. Qxb8 Bxb8 26. Rc1 Bd3
27. Rc8 Bf4 28. b8=Q Bxb8 29. Rxb8 Kf6 30. Rb7 a6 31. a4 e5 32. dxe5+ Kxe5 33.
Rxf7 h5 34. f4+ Ke4 35. Kg2 d4 36. f3+ Ke3 37. Re7+ Kd2 38. Kf2 Bc2 39. a5 d3
40. Rd7 Ba4 41. Rd6 Be8 42. h4 Kc2 43. Ke3 Bb5 44. Rd4 Kxb2 45. Kd2 Kb3 46. Rd6
Kc4 47. Rxg6 Kd4 48. Rh6 1-0

[Event "Ifjusagi csapatbajnoksag"]
[Site "Budapest"]
[Date "2015.08.30"]
[Round "8.10"]
[White "Kassay, Lilla"]
[Black "Polyik, Peter"]
[Result "1/2-1/2"]
[WhiteElo "2017"]
[BlackElo "2178"]
[PlyCount "52"]
[EventDate "2015.??.??"]

1. e4 c5 2. Nf3 d6 3. d4 cxd4 4. Nxd4 Nf6 5. Nc3 Nc6 6. f3 e5 7. Ndb5 a6 8. Na3
b5 9. Nd5 Nxd5 10. Qxd5 Qc7 11. Be3 Be6 12. Qd2 Be7 13. Be2 O-O 14. O-O Na5 15.
Rad1 d5 16. exd5 Rfd8 17. Bd3 Bxd5 18. Qf2 Rab8 19. Nb1 Nc4 20. Bxc4 Bxc4 21.
Rfe1 Bxa2 22. Nc3 Be6 23. Rxd8+ Bxd8 24. Ne4 a5 25. Nc5 Bc8 26. f4 Be7 1/2-1/2

[Event "Ifjusagi csapatbajnoksag"]
[Site "Budapest"]
[Date "2015.08.30"]
[Round "8.11"]
[White "Kiss, Peter"]
[Black "Papp, Levente"]
[Result "0-1"]
[WhiteElo "1966"]
[BlackElo "1944"]
[PlyCount "46"]
[EventDate "2015.??.??"]

1. e4 e6 2. Qe2 b6 3. d4 Ba6 4. c4 c6 5. d5 cxd5 6. exd5 Nf6 7. dxe6 dxe6 8.
Nc3 Nbd7 9. Nf3 Bb4 10. Bd2 O-O 11. a3 Be7 12. Qd1 Rc8 13. b3 Qc7 14. Be2 Rfd8
15. O-O Bb7 16. Nb5 Qb8 17. Bb4 Nc5 18. Qc2 a6 19. Bxc5 Bxc5 20. Nc3 Qf4 21. g3
Qh6 22. Kg2 Ng4 23. Ne4 f5 0-1

[Event "Ifjusagi csapatbajnoksag"]
[Site "Budapest"]
[Date "2015.08.30"]
[Round "8.13"]
[White "Csonka, Balazs"]
[Black "Ngo Tan, Don"]
[Result "1-0"]
[WhiteElo "2410"]
[BlackElo "2309"]
[PlyCount "57"]
[EventDate "2015.??.??"]

1. d4 d5 2. Nf3 Nf6 3. c4 c6 4. Nc3 e6 5. g3 Bd6 6. Bg2 O-O 7. O-O Nbd7 8. Nd2
Be7 9. e4 dxe4 10. Ndxe4 Nxe4 11. Nxe4 Nf6 12. Nc3 Bd7 13. Qe2 Re8 14. Rd1 Qa5
15. Bd2 Qf5 16. Bf4 Rad8 17. Bc7 Rc8 18. Be5 Rcd8 19. Bc7 Rc8 20. Be5 Rcd8 21.
Rab1 a5 22. a3 h5 23. h3 Nh7 24. Ne4 c5 25. Bc7 Rc8 26. Bd6 Ng5 27. Bxe7 Rxe7
28. Nd6 Nxh3+ 29. Kf1 1-0

[Event "Ifjusagi csapatbajnoksag"]
[Site "Budapest"]
[Date "2015.08.30"]
[Round "8.14"]
[White "Grimm, Gyorgy"]
[Black "Dragnev, Valentin"]
[Result "0-1"]
[WhiteElo "2181"]
[BlackElo "2339"]
[PlyCount "84"]
[EventDate "2015.??.??"]

1. e4 c5 2. Nf3 Nc6 3. d4 cxd4 4. Nxd4 Qc7 5. Be3 Nf6 6. Nc3 e6 7. a3 a6 8.
Nxc6 bxc6 9. Be2 Rb8 10. Rb1 d5 11. Bf3 Bd6 12. h3 O-O 13. O-O Rd8 14. exd5
cxd5 15. Kh1 h6 16. Re1 Bb7 17. Qd2 Nd7 18. Rbd1 Bc6 19. b4 a5 20. b5 Ba8 21.
Be2 Rbc8 22. Na4 e5 23. c3 Bxa3 24. Qa2 Bf8 25. Bf3 e4 26. Bg4 Rb8 27. Bxd7
Rxd7 28. b6 Qc6 29. Qb3 Bb7 30. Nb2 Ra8 31. Ra1 Bd6 32. Bd4 f5 33. Ra2 Bb8 34.
Be3 f4 35. Bd4 Kh7 36. Rea1 f3 37. g3 Qe6 38. Kh2 h5 39. Rxa5 Rxa5 40. Rxa5 h4
41. Ra1 Rf7 42. Qc2 Bc8 0-1

[Event "Ifjusagi csapatbajnoksag"]
[Site "Budapest"]
[Date "2015.08.30"]
[Round "8.15"]
[White "Juhasz, Armin"]
[Black "Medve, Mark"]
[Result "1-0"]
[WhiteElo "2315"]
[BlackElo "2088"]
[PlyCount "41"]
[EventDate "2015.??.??"]

1. Nf3 g6 2. d4 f5 3. g3 Bg7 4. Bg2 Nf6 5. O-O O-O 6. Nbd2 Nc6 7. Re1 Ne4 8. c3
Nxd2 9. Bxd2 d6 10. Qb3+ Kh8 11. Ng5 Qe8 12. e4 e5 13. dxe5 h6 14. exf5 hxg5
15. f6 Bh6 16. h4 gxh4 17. Bxh6 hxg3 18. Bg7+ Kh7 19. exd6 Qf7 20. fxg3 cxd6
21. Bd5 1-0

[Event "Ifjusagi csapatbajnoksag"]
[Site "Budapest"]
[Date "2015.08.30"]
[Round "8.16"]
[White "Wanger, Tamas"]
[Black "Orosz, Andras"]
[Result "0-1"]
[WhiteElo "2049"]
[BlackElo "2281"]
[PlyCount "110"]
[EventDate "2015.??.??"]

1. d4 Nf6 2. c4 e6 3. Nf3 Bb4+ 4. Bd2 a5 5. a3 Bxd2+ 6. Qxd2 d6 7. Nc3 Nbd7 8.
e3 O-O 9. Be2 c6 10. O-O Qe7 11. Qc2 e5 12. Rfe1 Re8 13. h3 Kh8 14. Rad1 e4 15.
Nd2 Nf8 16. f3 Bf5 17. fxe4 Nxe4 18. Bd3 Nxc3 19. bxc3 Bxd3 20. Qxd3 Ng6 21. e4
Qg5 22. Nf3 Qh5 23. Qd2 h6 24. Re2 Re7 25. Rde1 Rae8 26. Kh2 f5 27. e5 dxe5 28.
Nxe5 Kh7 29. Nf3 Re4 30. d5 cxd5 31. cxd5 Rd8 32. d6 Nh4 33. Qd3 Nxf3+ 34. gxf3
Rh4 35. f4 Rxf4 36. Re3 Qg6 37. Rg3 Qxd6 38. Qxd6 Rxd6 39. Re7 Rg6 40. Rxg6
Kxg6 41. Rxb7 Rf2+ 42. Kg3 Rc2 43. Rc7 Ra2 44. Rc6+ Kg5 45. h4+ Kh5 46. Rc5 g6
47. Rxa5 Rc2 48. Rc5 Ra2 49. Ra5 Re2 50. Rc5 Re4 51. Rc6 Ra4 52. Rd6 Rxa3 53.
Rd3 Ra4 54. Rd4 Rxd4 55. cxd4 g5 0-1

[Event "Ifjusagi csapatbajnoksag"]
[Site "Budapest"]
[Date "2015.08.30"]
[Round "8.17"]
[White "Haszon, Kamilla Sara"]
[Black "Egyed, Judit"]
[Result "1-0"]
[WhiteElo "2000"]
[BlackElo "1981"]
[PlyCount "49"]
[EventDate "2015.??.??"]

1. e4 d6 2. d4 Nf6 3. Bd3 Nbd7 4. f4 e5 5. c3 Be7 6. Nf3 exf4 7. O-O Nf8 8.
Bxf4 Ng6 9. Bc1 O-O 10. Bc2 c6 11. Nbd2 b5 12. a4 b4 13. cxb4 Qb6 14. Nc4 Qxb4
15. b3 d5 16. Ba3 Qb8 17. Bxe7 Nxe7 18. e5 Ng4 19. Nd6 Ne3 20. Bxh7+ Kh8 21.
Qe1 N7f5 22. Bxf5 Nxf5 23. Ng5 Nh6 24. Qh4 Be6 25. Rf6 1-0

[Event "Ifjusagi csapatbajnoksag"]
[Site "Budapest"]
[Date "2015.08.30"]
[Round "8.19"]
[White "Egri, Laszlo Jr"]
[Black "Szajbely, Zsigmond"]
[Result "1/2-1/2"]
[WhiteElo "2157"]
[BlackElo "2241"]
[PlyCount "118"]
[EventDate "2015.??.??"]

1. Nf3 Nf6 2. c4 g6 3. b3 Bg7 4. Bb2 d6 5. e3 O-O 6. Be2 e5 7. d3 Re8 8. Nbd2
a6 9. O-O Nc6 10. a3 Rb8 11. Qc2 h6 12. Rac1 Be6 13. Rfd1 Ne7 14. d4 exd4 15.
Nxd4 Qc8 16. b4 c5 17. Nxe6 Qxe6 18. Nb3 b6 19. Bf3 g5 20. Qd3 g4 21. Bd5 Nexd5
22. cxd5 Qc8 23. Bxf6 Bxf6 24. Nd4 cxd4 25. Rxc8 Rbxc8 26. exd4 b5 27. Qf5 Bg7
28. Qxg4 Rc2 29. Qd7 Ree2 30. Qxd6 Rcd2 31. Rc1 Kh7 32. Qf4 Rxf2 33. Qxf2 Bxd4
34. Qxd4 Rxd4 35. Rc6 Rxd5 36. Rxa6 Rd2 37. Rb6 Ra2 38. Ra6 Kg7 39. h3 Rb2 40.
Ra5 Ra2 41. Kh2 Kg6 42. Kg3 h5 43. Kf4 Rf2+ 44. Kg3 Ra2 45. Kh2 h4 46. Rxb5
Rxa3 47. Rc5 Rb3 48. Rc4 Kg5 49. Rg4+ Kh5 50. Rf4 Kg5 51. Rg4+ Kh5 52. Rf4 Kg5
53. Rxf7 Rxb4 54. Rg7+ Kh5 55. Rg8 Rb1 56. Rh8+ Kg5 57. Rg8+ Kh5 58. g4+ hxg3+
59. Rxg3 Rb2+ 1/2-1/2

[Event "Ifjusagi csapatbajnoksag"]
[Site "Budapest"]
[Date "2015.08.30"]
[Round "8.20"]
[White "Szilassi, Abel"]
[Black "Ugroczky, Peter"]
[Result "0-1"]
[WhiteElo "1968"]
[BlackElo "2170"]
[PlyCount "80"]
[EventDate "2015.??.??"]

1. e4 c5 2. Nf3 d6 3. d4 cxd4 4. Nxd4 Nf6 5. Nc3 Nc6 6. Bc4 e6 7. Be3 Be7 8.
O-O O-O 9. Bb3 Na5 10. f4 Nxb3 11. axb3 d5 12. e5 Nd7 13. Qg4 Re8 14. Nxe6 fxe6
15. Qxe6+ Kh8 16. Qxd5 a6 17. Rad1 Rg8 18. Ne4 Qc7 19. Rf2 Qc6 20. Rfd2 Qxd5
21. Rxd5 Nf8 22. Nd6 Be6 23. R5d4 Bxd6 24. Rxd6 Rc8 25. c4 h6 26. Rb6 Rc7 27.
Rdd6 Bd7 28. Bd4 Kh7 29. e6 Bc6 30. f5 Re7 31. Rbxc6 bxc6 32. Rxc6 h5 33. Bc5
Re8 34. Rxa6 g6 35. e7 Nd7 36. f6 Nxc5 37. f7 Nxa6 38. f8=Q Rgxf8 39. exf8=Q
Rxf8 40. Kh1 Rf1# 0-1